000 00310nam a22001337a 4500
008 180308b xxu||||| |||| 00| 0 eng d
020 _a9780275954116
041 _aeng
080 _a32
100 _a20
101 _aPOL
245 _aU.S. Immigration policy and the undocumented
_cHayes,H
942 _2udc
_cBK
999 _c44383
_d44383